00538 2200217 4500001002100000005001500021035002000036008004100056245006900097100001800166250000600184260003500190300001100225084001400236082000800250650001400258990001200272990001200284990001200296990001200308INLIS00000000000043520240430015100 a0010-0424000411240430 0 ind 1 aEnsiklopedia PPKN; Persatuan dan Kesatuan Bangsa /cYana Suryana aSuryana, Yana a1 aKlaten :bCempaka Putih,c2014 a84 hlm a370 YAN e a370 4aNon Fiksi a0722544 a0722545 a0722546 a0722547